Wybierz sieci fast foodów- sudden death - Statystyki

Ogólne statystyki
  • Ten quiz został rozwiązany 68 razy
  • Średni wynik to 7 z 16
Answers on the Grid
Answers color-coded by a green-red scale on the quiz's grid according to % correct below.
Mcdonald's
Eat4meat
KFC
Dunkin'
Fry 'n fire
Taco bell
Subway
Tim Hortons
Chipotle
Express Eats
Pizza hut
Cheezy street
StackHouse Burgers
Arby's
MetroBite
Curry Crunch
Jollibee
Kebab District
Baltic Bite
Bojangles
Cracker barrel
Nordic Fish 'n Chips
Popeyes
The fifth tray
Slim chickens
Cookout
MAX Burgers
Spice Bowl Express
Open Sesame
Beef Burgerz
 
Statystyki odpowiedzi
Odpowiedź % Poprawnych
KFC
91%
Mcdonald's
82%
Subway
82%
Pizza hut
79%
MAX Burgers
68%
Taco bell
68%
Popeyes
65%
Dunkin'
47%
Chipotle
29%
Arby's
15%
Jollibee
9%
Cookout
6%
Tim Hortons
6%
Bojangles
3%
Slim chickens
3%
Cracker barrel
0%
Nie znaleziono quizów pasujących do podanych kryteriów
Rozkład punktacji
Procent ludzi z każdym wynikiem
Percentyl według liczby udzielonych odpowiedzi
Twoja historia wyników
Nie rozwiązałeś tego quizu